000 00252nam a22001217a 4500
008 230620b xxu||||| |||| 00| 0 eng d
082 _a327
_bDIP
100 _cDIP
245 _aDiplomatic History
260 _c2006
300 _a167p
942 _2ddc
_cBK
999 _c1843
_d1843